Films avec Julie Gayet par image - Statistiques

Statistiques générales
  • Ce quiz a été pris 7 fois
  • Le résultat moyen est 5 sur 16
Statistiques - réponses
Par images Réponse % Correct
Quai d'Orsay
71%
C'est quoi cette famille ?!
57%
Bab el web
43%
Nos plus belles vacances
43%
8 fois debout
29%
Delphine 1, Yvan 0
29%
Le Gendre de ma vie
29%
Mon meilleur ami
29%
Pièce montée
29%
Poly
29%
Six jours
29%
Comme une actrice
14%
La Turbulence des fluides
14%
Les Cent et Une Nuits de Simon Cinéma
14%
Sélect Hôtel
14%
Un baiser s'il vous plaît
14%
Aucun quiz correspondant
Distribution des résultats
% des personnes avec chaque résultat
Percentile par nombre de réponses
Votre historique - résultats
Vous n’avez pas pris ce quiz